00334caa a22001572a 4500001000900000003001100009008004700020100002000067245002300087245000900110300001000119440000600129440000600135260001400141650002100155 001788 AR-FADEU 311216n############xxu####################dd aSegovia, Carlos bCódigo de Faltas aInre a26-17 v1 n2 coct. 1997 aCODIGO DE FALTAS